000 00509nam a2200133Ia 4500
008 100328s9999 xx 000 0 und d
082 _b61806
100 _aहेडा ब्रिजमोहन-अनु.
245 _aमहात्मा गांधी अखेरच पर्व-3.
260 _bपराग.
630 _aमहात्मा गांधी अखेरच पर्व-3.
730 _aमहात्मा गांधी अखेरच पर्व-3.
942 _cBOOK
999 _c547868
_d547865